[Event "Kvika Reykjavik Open 2022"]
[Site "Reykjavik, Iceland"]
[Date "2022.04.08"]
[Round "4.23"]
[White "Gregersen, Einar"]
[Black "Rosen, Eric"]
[Result "0-1"]
[WhiteElo "1822"]
[BlackElo "2359"]
[PlyCount "74"]
[EventDate "2022.??.??"]

1. e4 {[%eval 33,0]} c5 {[%eval 32,0]} 2. Nf3 {[%eval 0,0]} Nc6 {[%eval 0,0]}
3. d4 {[%eval 36,0]} cxd4 {[%eval 38,0]} 4. Nxd4 {[%eval 29,0]} g6 {[%eval 64,
0]} 5. c4 {[%eval 52,0]} Bg7 {[%eval 79,0]} 6. Be3 {[%eval 49,0]} Nf6 {[%eval
56,0]} 7. Nc3 {[%eval 67,0]} d6 {[%eval 77,0]} 8. Be2 {[%eval 95,0]} O-O {
[%eval 85,0]} 9. O-O {[%eval 111,0]} Bd7 {[%eval 93,0]} 10. Rc1 $6 {[%eval 6,0]
Inaccuracy. Nc2 was best.} (10. Nc2 Rc8) 10... Nxd4 {[%eval 22,0]} 11. Bxd4 {
[%eval 37,0]} Bc6 $6 {[%eval 91,0] Inaccuracy. Bh6 was best.} (11... Bh6 12. f4
) 12. f4 $6 {[%eval 15,0] Inaccuracy. Qc2 was best.} (12. Qc2 a5 13. b3 Bh6 14.
Rcd1 Nd7 15. f3 Qc7 16. Bf2 Nc5 17. h4 e6 18. h5 Qe7) 12... Nd7 $2 {[%eval 136,
0] Mistake. Bh6 was best.} (12... Bh6 13. Bxf6 exf6 14. Kh1 Re8 15. Qc2 Qb6 16.
Rcd1 Qe3 17. Bd3 a5 18. Qf2 Qxf2 19. Rxf2) 13. Bxg7 $6 {[%eval 5,0] Inaccuracy.
b4 was best.} (13. b4 Bxd4+ 14. Qxd4 Qb6 15. Qxb6 Nxb6 16. e5 Rfd8 17. exd6
exd6 18. Rfd1 Na4 19. Nxa4 Bxa4) 13... Kxg7 {[%eval 68,0]} 14. Qd4+ $6 {
[%eval 16,0] Inaccuracy. Qd2 was best.} (14. Qd2) 14... Kg8 $6 {[%eval 113,0]
Inaccuracy. e5 was best.} (14... e5 15. Qe3) 15. Nd5 $6 {[%eval 33,0]
Inaccuracy. b4 was best.} (15. b4 Qb6 16. Qxb6 Nxb6 17. e5 Rfd8 18. exd6 exd6
19. Rfd1 a6 20. Rd4 d5 21. c5 Nc8) 15... Bxd5 {[%eval 63,0]} 16. exd5 {[%eval
31,0]} Qb6 {[%eval 2,0]} 17. Qxb6 {[%eval 35,0]} axb6 {[%eval 22,0]} 18. a3 {
[%eval 18,0]} Nc5 {[%eval 64,0]} 19. Rf3 {[%eval 55,0]} Rfc8 {[%eval 68,0]} 20.
Re3 {[%eval 58,0]} Kf8 {[%eval 55,0]} 21. Rh3 {[%eval 66,0]} Kg7 {[%eval 65,0]}
22. Re3 {[%eval 77,0]} Rc7 {[%eval 8,0]} 23. Bf1 {[%eval 5,0]} h5 {[%eval 61,0]
} 24. Rce1 {[%eval 23,0]} Kf6 {[%eval 21,0]} 25. h3 {[%eval 7,0]} h4 {[%eval 0,
0]} 26. Kf2 $6 {[%eval 65,0] Inaccuracy. Rc1 was best.} (26. Rc1 Nd7 27. Rce1
Nc5) 26... Re8 $6 {[%eval 26,0] Inaccuracy. b5 was best.} (26... b5 27. cxb5)
27. Kf3 {[%eval 43,0]} g5 {[%eval 45,0]} 28. Kg4 {[%eval 24,0]} gxf4 {[%eval
22,0]} 29. Rf3 {[%eval 27,0]} Rg8+ {[%eval 21,0]} 30. Kxh4 $4 {[%eval -378,0]
Blunder. Kxf4 was best.} (30. Kxf4 e5+) 30... e5 {[%eval -336,0]} 31. dxe6 {
[%eval -367,0]} Nxe6 {[%eval -255,0]} 32. g3 $6 {[%eval -471,0] Inaccuracy.
Rf2 was best.} (32. Rf2 b5) 32... Rc5 {[%eval -497,0]} 33. gxf4 $4 {[%eval
-32757,0] Checkmate is now unavoidable. Rxe6+ was best.} (33. Rxe6+ fxe6 34.
Bd3 Rh8+ 35. Kg4 Rg5+ 36. Kxf4 Rxh3 37. b3 Rh2 38. g4 Rg2 39. Rg3 Rxg3) 33...
Rh5+ {[%eval -32759,0]} 34. Kxh5 {[%eval -32759,0]} Ng7+ {[%eval -32761,0]} 35.
Kh4 {[%eval -32761,0]} Nf5+ {[%eval -32763,0]} 36. Kh5 {[%eval -32763,0]} Rh8+
{[%eval -32765,0]} 37. Kg4 {[%eval -32765,0]} Rh4# 0-1

[Event "Kvika Reykjavik Open 2022"]
[Site "Reykjavik, Iceland"]
[Date "2022.04.08"]
[Round "4.24"]
[White "Soham, Das"]
[Black "Schultze, Joerg-Martin"]
[Result "1-0"]
[WhiteElo "2303"]
[BlackElo "1932"]
[PlyCount "60"]
[EventDate "2022.??.??"]

1. e4 {[%eval 33,0]} c6 {[%eval 56,0]} 2. Ne2 $6 {[%eval 0,0] Inaccuracy. d4
was best.} (2. d4 d5 3. e5 c5 4. Nf3 cxd4 5. Nxd4 Nc6 6. Nxc6 bxc6) 2... d5 {
[%eval 0,0]} 3. e5 {[%eval 24,0]} d4 {[%eval 1,0]} 4. c3 {[%eval 31,0]} c5 {
[%eval 25,0]} 5. b4 {[%eval 25,0]} Nc6 {[%eval 2,0]} 6. bxc5 {[%eval 29,0]} d3
{[%eval 25,0]} 7. Nf4 {[%eval 15,0]} Bf5 {[%eval 0,0]} 8. Qf3 $4 {[%eval -91,0]
Blunder. e6 was best.} (8. e6 Nh6 9. Qf3 Ne5 10. Qe3 f6 11. h4 Nhg4 12. Qd4 Nc6
) 8... Nxe5 {[%eval -193,0]} 9. Qxb7 {[%eval -3,0]} Rb8 $6 {[%eval -75,0]
Inaccuracy. Nf6 was best.} (9... Nf6 10. Qb5+) 10. Qxa7 {[%eval 87,0]} Be4 $4 {
[%eval 142,0] Blunder. e6 was best.} (10... e6 11. Qa4+ Qd7 12. c6 Qc7 13. Qa6
Be4 14. Nxd3 Nxd3+ 15. Bxd3 Bxg2 16. Rg1 Bxc6 17. a4) 11. Qa4+ {[%eval 107,0]}
Bc6 {[%eval 149,0]} 12. Qd4 {[%eval 181,0]} Qxd4 {[%eval 202,0]} 13. cxd4 {
[%eval 213,0]} Rb4 $4 {[%eval 465,0] Blunder. g5 was best.} (13... g5 14. Nxd3)
14. dxe5 $6 {[%eval 334,0] Inaccuracy. Bb2 was best.} (14. Bb2 Rxb2 15. dxe5 e6
16. Nxd3 Rb8 17. a4 Ne7 18. Na3 Kd7 19. Nb5 Nf5 20. Nb4 Bxc5) 14... Re4+ $2 {
[%eval 562,0] Mistake. Rxf4 was best.} (14... Rxf4) 15. Be2 $2 {[%eval 331,0]
Mistake. Ne2 was best.} (15. Ne2) 15... dxe2 $6 {[%eval 482,0] Inaccuracy.
Rxf4 was best.} (15... Rxf4 16. Bxd3 e6 17. Ba3 Ne7 18. Nc3 Bxg2 19. Rg1 Bc6
20. Rb1 g6 21. Rb8+ Kd7 22. Bb5) 16. Nxe2 {[%eval 502,0]} Rxe5 {[%eval 532,0]}
17. d4 {[%eval 575,0]} Rd5 {[%eval 556,0]} 18. Nbc3 {[%eval 541,0]} Rd8 {
[%eval 575,0]} 19. O-O {[%eval 600,0]} Nf6 {[%eval 596,0]} 20. Bf4 {[%eval 551,
0]} g5 {[%eval 555,0]} 21. Be5 {[%eval 573,0]} Bg7 {[%eval 565,0]} 22. Ng3 {
[%eval 461,0]} Rg8 $6 {[%eval 651,0] Inaccuracy. e6 was best.} (22... e6 23. a4
O-O 24. Bd6 Rfe8 25. a5 Nd5 26. Nxd5 Bxd5 27. Rfd1 Ra8 28. Nf1 e5 29. dxe5) 23.
Nf5 {[%eval 626,0]} Bh8 {[%eval 712,0]} 24. Rfe1 {[%eval 623,0]} Kf8 {[%eval
881,0]} 25. Nxe7 {[%eval 809,0]} Kxe7 $4 {[%eval 32742,0] Checkmate is now
unavoidable. Ba8 was best.} (25... Ba8 26. Rab1) 26. Bd6+ {[%eval 32746,0]} Kd7
{[%eval 32744,0]} 27. Re7+ {[%eval 32748,0]} Kc8 {[%eval 32746,0]} 28. Rc7+ {
[%eval 32750,0]} Kb8 {[%eval 32750,0]} 29. Rb1+ {[%eval 32752,0]} Ka8 {[%eval
1683,0]} 30. Rxc6 {[%eval 32754,0]} Rd7 {[%eval 2042,0]} 1-0

[Event "Kvika Reykjavik Open 2022"]
[Site "Reykjavik, Iceland"]
[Date "2022.04.08"]
[Round "4.25"]
[White "De Wachter, Matthias"]
[Black "Finnsson, Johann Arnar"]
[Result "1-0"]
[WhiteElo "2295"]
[BlackElo "1805"]
[PlyCount "65"]
[EventDate "2022.??.??"]

1. d4 {[%eval 3,0]} g6 {[%eval 68,0]} 2. c4 {[%eval 28,0]} Bg7 {[%eval 6,0]} 3.
e4 {[%eval 52,0]} e5 {[%eval 88,0]} 4. d5 {[%eval 66,0]} d6 {[%eval 77,0]} 5.
Nc3 {[%eval 29,0]} Nf6 {[%eval 75,0]} 6. Be2 {[%eval 57,0]} Nbd7 {[%eval 71,0]}
7. Bg5 {[%eval 63,0]} a5 {[%eval 61,0]} 8. h4 {[%eval 32,0]} h6 {[%eval 55,0]}
9. Be3 {[%eval 57,0]} Nc5 {[%eval 56,0]} 10. Qc2 {[%eval 1,0]} c6 $2 {[%eval
128,0] Mistake. b6 was best.} (10... b6) 11. h5 {[%eval 124,0]} cxd5 {[%eval
113,0]} 12. cxd5 {[%eval 102,0]} g5 $2 {[%eval 288,0] Mistake. b6 was best.} (
12... b6 13. hxg6) 13. f3 $6 {[%eval 201,0] Inaccuracy. Bxc5 was best.} (13.
Bxc5) 13... O-O {[%eval 135,0]} 14. g4 $6 {[%eval 63,0] Inaccuracy. a4 was
best.} (14. a4 Ne8) 14... b6 $2 {[%eval 201,0] Mistake. Ncxe4 was best.} (14...
Ncxe4 15. fxe4) 15. Nh3 {[%eval 205,0]} Nh7 {[%eval 205,0]} 16. Nf2 {[%eval
256,0]} Ba6 {[%eval 298,0]} 17. O-O {[%eval 336,0]} Nf6 {[%eval 334,0]} 18.
Bxa6 {[%eval 303,0]} Rxa6 {[%eval 328,0]} 19. a3 {[%eval 302,0]} Qd7 {[%eval
359,0]} 20. b4 {[%eval 378,0]} Nb7 $6 {[%eval 568,0] Inaccuracy. axb4 was best.
} (20... axb4 21. axb4) 21. Qe2 {[%eval 522,0]} Raa8 {[%eval 535,0]} 22. Bxb6 {
[%eval 547,0]} Rfc8 {[%eval 536,0]} 23. Nb5 {[%eval 555,0]} axb4 {[%eval 563,0]
} 24. axb4 {[%eval 622,0]} Rxa1 {[%eval 715,0]} 25. Rxa1 {[%eval 702,0]} Nxd5 {
[%eval 769,0]} 26. exd5 {[%eval 783,0]} e4 {[%eval 776,0]} 27. Nd4 {[%eval 776,
0]} exf3 {[%eval 799,0]} 28. Qxf3 {[%eval 792,0]} Qe8 {[%eval 801,0]} 29. Rd1 {
[%eval 802,0]} Rc4 {[%eval 807,0]} 30. Nc6 {[%eval 843,0]} Rc3 {[%eval 915,0]}
31. Rd3 {[%eval 809,0]} Qe1+ {[%eval 936,0]} 32. Kg2 {[%eval 951,0]} Rc4 {
[%eval 1116,0]} 33. Re3 {[%eval 1132,0]} 1-0

[Event "Kvika Reykjavik Open 2022"]
[Site "Reykjavik, Iceland"]
[Date "2022.04.08"]
[Round "4.26"]
[White "Berdnyk, Mariia"]
[Black "Hauksdottir, Hrund"]
[Result "1-0"]
[WhiteElo "2287"]
[BlackElo "1746"]
[PlyCount "131"]
[EventDate "2022.??.??"]

1. d4 {[%eval 3,0]} d5 {[%eval 35,0]} 2. c4 {[%eval 36,0]} c6 {[%eval 28,0]} 3.
Nf3 {[%eval 38,0]} Nf6 {[%eval 38,0]} 4. g3 {[%eval 7,0]} dxc4 {[%eval 14,0]}
5. Bg2 {[%eval 11,0]} g6 {[%eval 21,0]} 6. O-O {[%eval 2,0]} Bg7 {[%eval 13,0]}
7. a4 {[%eval 26,0]} O-O {[%eval 25,0]} 8. Na3 {[%eval 55,0]} Bf5 {[%eval 85,0]
} 9. Nxc4 {[%eval 84,0]} Nbd7 {[%eval 124,0]} 10. Qb3 {[%eval 77,0]} Nb6 {
[%eval 93,0]} 11. a5 {[%eval 59,0]} Nxc4 {[%eval 46,0]} 12. Qxc4 {[%eval 5,0]}
Be4 {[%eval 47,0]} 13. Qb3 {[%eval 36,0]} b6 {[%eval 54,0]} 14. Bf4 {[%eval 7,
0]} Nd5 {[%eval 0,0]} 15. Be5 {[%eval 6,0]} e6 $6 {[%eval 79,0] Inaccuracy.
bxa5 was best.} (15... bxa5 16. Bxg7 Kxg7 17. Qa3 Rb8 18. Rfc1 Rb5 19. Ne5 Bxg2
20. Nxc6 Qb6 21. Kxg2 Nf6 22. Qxe7) 16. Bxg7 {[%eval 85,0]} Kxg7 {[%eval 61,0]}
17. Ne5 {[%eval 78,0]} Bxg2 {[%eval 84,0]} 18. Kxg2 {[%eval 78,0]} Ne7 $6 {
[%eval 146,0] Inaccuracy. bxa5 was best.} (18... bxa5 19. e4 Rb8 20. Qc2 Nb4
21. Qc3 Rb5 22. Ra3 f6 23. Nf3 Qd7 24. Rc1 Rfb8 25. h4) 19. e3 {[%eval 118,0]}
bxa5 {[%eval 141,0]} 20. Rfc1 {[%eval 102,0]} Rc8 $2 {[%eval 232,0] Mistake.
Rb8 was best.} (20... Rb8 21. Qa3 Rb5 22. h4 h5 23. Rc5 a6 24. Rac1 Re8 25.
R1c2 Qd6 26. R5c4 Rd8 27. Nd3) 21. Rc5 {[%eval 184,0]} Qb6 $6 {[%eval 265,0]
Inaccuracy. Rb8 was best.} (21... Rb8 22. Qc3 Nd5 23. Qa3 Nb4 24. Qxa5 Rb7 25.
Qa3 f6 26. Nd3 Nxd3 27. Qxd3 e5 28. Ra4) 22. Qc3 {[%eval 203,0]} Rfd8 $6 {
[%eval 357,0] Inaccuracy. Nd5 was best.} (22... Nd5 23. Qc1) 23. Nxc6 $4 {
[%eval 83,0] Blunder. Nc4 was best.} (23. Nc4 Qb8 24. d5+ f6 25. dxe6 Rc7 26.
e4 Qb4 27. Rcxa5 Qxc3 28. bxc3 f5 29. exf5 gxf5) 23... Nxc6 $2 {[%eval 202,0]
Mistake. Nd5 was best.} (23... Nd5 24. Qc1 Rd7 25. Ra4 Rb7 26. Nb4 Ne7 27. Rxc8
Nxc8 28. Qxc8 axb4 29. Qc5 Qxc5 30. dxc5) 24. d5+ {[%eval 216,0]} Kg8 {[%eval
206,0]} 25. dxc6 $6 {[%eval 143,0] Inaccuracy. Rxc6 was best.} (25. Rxc6 Rxc6
26. dxc6 Rc8 27. Rc1 Rc7 28. e4 a4 29. Rc2 a5 30. h3 h6 31. h4 Kf8) 25... Rc7
$6 {[%eval 211,0] Inaccuracy. Rd3 was best.} (25... Rd3) 26. Rc1 {[%eval 108,0]
} Rdc8 {[%eval 166,0]} 27. Rc2 {[%eval 203,0]} h6 {[%eval 199,0]} 28. Qc4 {
[%eval 200,0]} Kh7 {[%eval 256,0]} 29. b3 $6 {[%eval 168,0] Inaccuracy. h4 was
best.} (29. h4 Kg8 30. h5 gxh5 31. Qe4 h4 32. Qg4+ Kf8 33. Qxh4 Rxc6 34. Qxh6+
Ke7 35. Qh4+ f6) 29... Kg8 {[%eval 173,0]} 30. Rc3 {[%eval 192,0]} Kh7 $6 {
[%eval 206,0] Inaccuracy. Qb4 was best.} (30... Qb4 31. Qd3) 31. h4 {[%eval
276,0]} h5 $6 {[%eval 378,0] Inaccuracy. Kg8 was best.} (31... Kg8 32. Qe4) 32.
Qe4 {[%eval 399,0]} Kg7 {[%eval 422,0]} 33. Qe5+ {[%eval 358,0]} Kg8 $6 {
[%eval 562,0] Inaccuracy. Kh7 was best.} (33... Kh7 34. Qe4) 34. Rb5 {[%eval
536,0]} Qa6 {[%eval 543,0]} 35. Rxa5 {[%eval 557,0]} Qb6 {[%eval 516,0]} 36.
Rb5 {[%eval 535,0]} Qa6 {[%eval 533,0]} 37. Rc1 {[%eval 407,0]} Rxc6 {[%eval
599,0]} 38. Ra1 {[%eval 509,0]} f6 {[%eval 598,0]} 39. Rxa6 {[%eval 615,0]}
fxe5 {[%eval 625,0]} 40. Rxa7 {[%eval 623,0]} R8c7 {[%eval 633,0]} 41. Rbb7 {
[%eval 508,0]} Rxb7 {[%eval 506,0]} 42. Rxb7 {[%eval 509,0]} Rc2 {[%eval 552,0]
} 43. b4 {[%eval 578,0]} Kf8 {[%eval 562,0]} 44. b5 {[%eval 544,0]} e4 {
[%eval 561,0]} 45. b6 {[%eval 545,0]} Rb2 {[%eval 537,0]} 46. Kf1 {[%eval 637,
0]} Kg8 {[%eval 522,0]} 47. Rb8+ {[%eval 683,0]} Kf7 {[%eval 692,0]} 48. b7 {
[%eval 692,0]} Kg7 {[%eval 693,0]} 49. Ke1 {[%eval 709,0]} Kh7 {[%eval 716,0]}
50. Kd1 {[%eval 719,0]} Kg7 {[%eval 746,0]} 51. Kc1 {[%eval 728,0]} Rb6 {
[%eval 703,0]} 52. Kc2 {[%eval 685,0]} Kh7 {[%eval 754,0]} 53. Kc3 {[%eval 792,
0]} Kg7 {[%eval 791,0]} 54. Kd4 {[%eval 796,0]} Rb5 {[%eval 787,0]} 55. Kxe4 {
[%eval 795,0]} e5 {[%eval 828,0]} 56. f4 {[%eval 779,0]} exf4 {[%eval 798,0]}
57. gxf4 {[%eval 801,0]} Kh7 {[%eval 806,0]} 58. Kd4 {[%eval 815,0]} Kg7 {
[%eval 828,0]} 59. e4 {[%eval 821,0]} Rb1 {[%eval 787,0]} 60. e5 {[%eval 805,0]
} Rd1+ {[%eval 818,0]} 61. Ke3 {[%eval 818,0]} Re1+ {[%eval 815,0]} 62. Kf2 {
[%eval 794,0]} Rb1 {[%eval 803,0]} 63. e6 {[%eval 942,0]} Rb2+ {[%eval 954,0]}
64. Kf3 {[%eval 922,0]} Rb3+ {[%eval 876,0]} 65. Ke4 {[%eval 900,0]} Rb1 {
[%eval 916,0]} 66. Rd8 {[%eval 1154,0]} 1-0

[Event "Kvika Reykjavik Open 2022"]
[Site "Reykjavik, Iceland"]
[Date "2022.04.08"]
[Round "4.27"]
[White "Thorhallsson, Throstur"]
[Black "Haugen, Lars Tormod"]
[Result "1-0"]
[WhiteElo "2422"]
[BlackElo "1741"]
[PlyCount "103"]
[EventDate "2022.??.??"]

1. e4 {[%eval 33,0]} c5 {[%eval 32,0]} 2. Nf3 {[%eval 0,0]} g6 $6 {[%eval 64,0]
Inaccuracy. d6 was best.} (2... d6 3. c3 Nf6 4. h3 Nc6 5. Bd3 e5 6. O-O Be7 7.
Bc2) 3. Bc4 $6 {[%eval 0,0] Inaccuracy. d4 was best.} (3. d4 cxd4 4. Nxd4 Nc6
5. c4 d6 6. Nc3 Nf6 7. Be2 Nxd4) 3... Bg7 {[%eval 35,0]} 4. c3 {[%eval 21,0]}
e6 {[%eval 37,0]} 5. O-O {[%eval 38,0]} Ne7 {[%eval 32,0]} 6. Re1 {[%eval 17,0]
} O-O {[%eval 4,0]} 7. d4 {[%eval 37,0]} cxd4 {[%eval 39,0]} 8. Nxd4 {[%eval
54,0]} d5 {[%eval 42,0]} 9. exd5 {[%eval 25,0]} Nxd5 {[%eval 4,0]} 10. Nf3 {
[%eval 24,0]} Nc6 {[%eval 6,0]} 11. Na3 {[%eval 12,0]} Nb6 {[%eval 19,0]} 12.
Bd3 {[%eval 18,0]} e5 {[%eval 6,0]} 13. Be3 {[%eval 33,0]} Re8 {[%eval 28,0]}
14. Qc2 {[%eval 17,0]} Nd5 {[%eval 11,0]} 15. Bg5 {[%eval 15,0]} Bf6 $6 {
[%eval 44,0] Inaccuracy. f6 was best.} (15... f6 16. Rad1 Be6 17. Bc4 Qd7 18.
Bb3 Qf7 19. Nc4 Bf8 20. Bc1 Rad8 21. Ne3 Nc7 22. h4) 16. Bd2 {[%eval 16,0]} Bg4
{[%eval 52,0]} 17. Be4 {[%eval 42,0]} Rc8 {[%eval 53,0]} 18. Qb3 {[%eval 44,0]}
Nb6 {[%eval 32,0]} 19. Be3 {[%eval 0,0]} Be6 {[%eval 13,0]} 20. Qb5 {[%eval 0,
0]} Qc7 {[%eval 1,0]} 21. h4 {[%eval 5,0]} Bg7 $6 {[%eval 79,0] Inaccuracy.
Be7 was best.} (21... Be7 22. Ng5 Bxa3 23. Nxe6 Rxe6 24. bxa3 Ne7 25. Rad1 a6
26. Qb3 Nf5 27. h5 Nxe3 28. Rxe3) 22. Ng5 {[%eval 75,0]} Bf5 $6 {[%eval 134,0]
Inaccuracy. Nd7 was best.} (22... Nd7) 23. Bxb6 {[%eval 125,0]} axb6 {[%eval
172,0]} 24. Bd5 {[%eval 162,0]} Re7 {[%eval 198,0]} 25. Nc4 {[%eval 71,0]} h6
$2 {[%eval 236,0] Mistake. e4 was best.} (25... e4 26. Nxb6 Rce8 27. Bb3 Re5
28. Nd5 Qb8 29. Qc4 Rf8 30. Rad1 Na5 31. Qb4 Nc6 32. Qb6) 26. Ne4 {[%eval 233,
0]} Be6 $6 {[%eval 306,0] Inaccuracy. Bxe4 was best.} (26... Bxe4 27. Rxe4) 27.
Nxb6 {[%eval 345,0]} Rd8 {[%eval 354,0]} 28. Rad1 {[%eval 359,0]} Kh7 {[%eval
437,0]} 29. h5 {[%eval 391,0]} g5 $2 {[%eval 701,0] Mistake. Bf5 was best.} (
29... Bf5 30. Bb3) 30. Ng3 {[%eval 541,0]} Na7 {[%eval 536,0]} 31. Qb3 {
[%eval 561,0]} Nc8 {[%eval 536,0]} 32. Bxe6 {[%eval 553,0]} fxe6 {[%eval 693,0]
} 33. Rxd8 {[%eval 706,0]} Qxd8 {[%eval 687,0]} 34. Nxc8 {[%eval 709,0]} Qxc8 {
[%eval 707,0]} 35. Rd1 {[%eval 659,0]} Rd7 {[%eval 686,0]} 36. Ne4 {[%eval 684,
0]} Qc6 {[%eval 687,0]} 37. Rxd7 {[%eval 686,0]} Qxd7 {[%eval 689,0]} 38. Qc2 {
[%eval 679,0]} Kh8 {[%eval 717,0]} 39. Qd2 {[%eval 677,0]} Qf7 {[%eval 693,0]}
40. Ng3 {[%eval 674,0]} e4 {[%eval 688,0]} 41. Qe2 {[%eval 706,0]} Be5 {
[%eval 736,0]} 42. Nxe4 {[%eval 753,0]} Qf4 {[%eval 776,0]} 43. g3 {[%eval 757,
0]} Qf5 {[%eval 737,0]} 44. Qd3 {[%eval 702,0]} b6 {[%eval 741,0]} 45. a4 {
[%eval 739,0]} g4 {[%eval 779,0]} 46. b4 {[%eval 807,0]} Bg7 {[%eval 805,0]}
47. c4 {[%eval 787,0]} Kg8 {[%eval 852,0]} 48. c5 {[%eval 835,0]} bxc5 {
[%eval 866,0]} 49. Nxc5 {[%eval 875,0]} Qe5 {[%eval 853,0]} 50. Qc4 {[%eval
842,0]} Qe1+ {[%eval 877,0]} 51. Kg2 {[%eval 906,0]} Qd1 {[%eval 982,0]} 52.
Qxe6+ {[%eval 979,0]} 1-0

[Event "Kvika Reykjavik Open 2022"]
[Site "Reykjavik, Iceland"]
[Date "2022.04.08"]
[Round "4.28"]
[White "Romanishin, Oleg M"]
[Black "Marzik, Hans"]
[Result "1-0"]
[WhiteElo "2415"]
[BlackElo "2050"]
[PlyCount "57"]
[EventDate "2022.??.??"]

1. Nf3 {[%eval 29,0]} Nf6 {[%eval 29,0]} 2. g3 {[%eval 5,0]} g6 {[%eval 25,0]}
3. Bg2 {[%eval 13,0]} Bg7 {[%eval 28,0]} 4. c4 {[%eval 23,0]} O-O {[%eval 21,0]
} 5. O-O {[%eval 24,0]} d6 {[%eval 39,0]} 6. d4 {[%eval 36,0]} Nc6 {[%eval 57,
0]} 7. Nc3 {[%eval 32,0]} a6 {[%eval 48,0]} 8. b3 {[%eval 7,0]} Rb8 {[%eval 96,
0]} 9. Bb2 {[%eval 52,0]} b5 {[%eval 59,0]} 10. cxb5 {[%eval 64,0]} axb5 {
[%eval 41,0]} 11. Rc1 {[%eval 48,0]} b4 {[%eval 49,0]} 12. Nb1 $6 {[%eval 6,0]
Inaccuracy. Na4 was best.} (12. Na4 Na7) 12... Bd7 {[%eval 24,0]} 13. d5 {
[%eval 8,0]} Na7 {[%eval 3,0]} 14. Ne1 {[%eval 16,0]} e6 {[%eval 1,0]} 15. dxe6
{[%eval 1,0]} fxe6 $6 {[%eval 46,0] Inaccuracy. Bxe6 was best.} (15... Bxe6 16.
Nd3 c5 17. Nf4 Qe7 18. Nxe6 fxe6 19. a4 bxa3 20. Nxa3 d5 21. Be5 Rb4 22. Nc2)
16. Qd2 {[%eval 3,0]} Rb6 $6 {[%eval 64,0] Inaccuracy. Be8 was best.} (16...
Be8 17. a3 bxa3 18. Nxa3 c5 19. Qd1 Bc6 20. Nc4 Bxg2 21. Nxg2 Nb5 22. Nf4 Qe7
23. e3) 17. Nd3 {[%eval 63,0]} c5 {[%eval 85,0]} 18. e4 $6 {[%eval 0,0]
Inaccuracy. a3 was best.} (18. a3) 18... e5 {[%eval 7,0]} 19. f4 {[%eval 9,0]}
Bb5 {[%eval 3,0]} 20. a4 {[%eval 14,0]} bxa3 $6 {[%eval 67,0] Inaccuracy. Ba6
was best.} (20... Ba6 21. fxe5) 21. Nxa3 {[%eval 74,0]} Bc6 $4 {[%eval 248,0]
Blunder. Ba6 was best.} (21... Ba6 22. Qc2 Ng4 23. Nc4 Bxc4 24. Qxc4+ Kh8 25.
Rce1 Nc6 26. Bh3 Na5 27. Qc2 h5 28. Bxg4) 22. Qc2 $6 {[%eval 158,0] Inaccuracy.
fxe5 was best.} (22. fxe5) 22... Ng4 $4 {[%eval 408,0] Blunder. Bxe4 was best.}
(22... Bxe4 23. fxe5) 23. Nc4 {[%eval 413,0]} Rb8 {[%eval 412,0]} 24. fxe5 {
[%eval 387,0]} Rxf1+ {[%eval 369,0]} 25. Rxf1 {[%eval 437,0]} Nb5 {[%eval 497,
0]} 26. h3 {[%eval 500,0]} Nxe5 $6 {[%eval 700,0] Inaccuracy. Nh6 was best.} (
26... Nh6 27. exd6) 27. Ncxe5 {[%eval 723,0]} dxe5 {[%eval 738,0]} 28. Qc4+ {
[%eval 701,0]} Kh8 {[%eval 753,0]} 29. Nxe5 {[%eval 753,0]} 1-0

[Event "Kvika Reykjavik Open 2022"]
[Site "Reykjavik, Iceland"]
[Date "2022.04.08"]
[Round "4.29"]
[White "Briem, Stephan"]
[Black "Baskin, Robert"]
[Result "1/2-1/2"]
[WhiteElo "2048"]
[BlackElo "2393"]
[PlyCount "95"]
[EventDate "2022.??.??"]

1. d4 {[%eval 3,0]} Nf6 {[%eval 23,0]} 2. c4 {[%eval 2,0]} e6 {[%eval 23,0]} 3.
Nc3 {[%eval 5,0]} Bb4 {[%eval 25,0]} 4. e3 {[%eval 0,0]} O-O {[%eval 21,0]} 5.
Nge2 {[%eval 9,0]} Re8 {[%eval 0,0]} 6. a3 {[%eval 0,0]} Bf8 {[%eval 0,0]} 7.
Ng3 {[%eval 0,0]} d5 {[%eval 0,0]} 8. Be2 {[%eval 12,0]} b6 {[%eval 5,0]} 9.
O-O {[%eval 2,0]} Bb7 {[%eval 6,0]} 10. b4 {[%eval 4,0]} dxc4 {[%eval 6,0]} 11.
Bxc4 {[%eval 16,0]} Nbd7 {[%eval 15,0]} 12. Bb2 {[%eval 13,0]} c5 {[%eval 13,0]
} 13. dxc5 {[%eval 6,0]} bxc5 {[%eval 3,0]} 14. b5 {[%eval 28,0]} Ne5 {[%eval
12,0]} 15. Be2 {[%eval 0,0]} c4 {[%eval 7,0]} 16. Qc2 {[%eval 5,0]} Qc7 {
[%eval 6,0]} 17. Nce4 {[%eval 32,0]} Nxe4 {[%eval 66,0]} 18. Nxe4 {[%eval 53,0]
} Rac8 {[%eval 4,0]} 19. Ng5 {[%eval 88,0]} f5 {[%eval 57,0]} 20. Qc3 {[%eval
94,0]} Ng4 {[%eval 85,0]} 21. Bxg4 {[%eval -88,0]} fxg4 {[%eval 75,0]} 22. Qc2
{[%eval 86,0]} g6 {[%eval 96,0]} 23. Bc3 {[%eval 95,0]} Bg7 {[%eval 88,0]} 24.
Bxg7 {[%eval 91,0]} Qxg7 {[%eval 64,0]} 25. Rad1 {[%eval 82,0]} c3 {[%eval 87,
0]} 26. Rd4 {[%eval 99,0]} Rc5 $4 {[%eval 75,0] Blunder. Qe7 was best.} (26...
Qe7 27. h4) 27. Ne4 $6 {[%eval 0,0] Inaccuracy. Rxg4 was best.} (27. Rxg4 Rxb5
28. Qa4 Qd7 29. Ne4 Bxe4 30. Rxe4 Reb8 31. Rc4 Qd2 32. h4 Rb1 33. Rxb1 Rxb1+)
27... Rh5 $4 {[%eval 584,0] Blunder. Bxe4 was best.} (27... Bxe4 28. Qxe4 Qc7
29. Rc1 e5 30. Rd3 Rd8 31. Rxd8+ Qxd8 32. Qxg4 c2 33. Qe2 Qa5 34. h3) 28. Rd7 {
[%eval 615,0]} Qe5 {[%eval 753,0]} 29. Ng3 {[%eval 769,0]} Bc8 {[%eval 775,0]}
30. Rd3 {[%eval 631,0]} Rg5 {[%eval 742,0]} 31. Rxc3 {[%eval 701,0]} Bd7 {
[%eval 761,0]} 32. a4 {[%eval 786,0]} h5 {[%eval 787,0]} 33. Rc7 {[%eval 828,0]
} Qg7 {[%eval 846,0]} 34. Ne4 {[%eval 821,0]} Rd5 {[%eval 801,0]} 35. Nc5 {
[%eval 606,0]} Rc8 {[%eval 564,0]} 36. Nxd7 $2 {[%eval 348,0] Mistake. Ne4 was
best.} (36. Ne4 Rxc7) 36... Rxc7 {[%eval 354,0]} 37. Qxc7 {[%eval 327,0]} Rxd7
{[%eval 356,0]} 38. Qc8+ {[%eval 326,0]} Kh7 {[%eval 339,0]} 39. Rc1 {[%eval
319,0]} Kh6 {[%eval 317,0]} 40. a5 $2 {[%eval 175,0] Mistake. Rf1 was best.} (
40. Rf1 Rd6 41. g3 g5 42. a5 h4 43. b6 axb6 44. a6 Rd7 45. Qc4 Qe5 46. Qxg4 Ra7
) 40... Qb2 {[%eval 168,0]} 41. b6 $6 {[%eval 92,0] Inaccuracy. h4 was best.} (
41. h4 gxh3 42. Qf8+ Kh7 43. Rc8 Qe5 44. g3 h4 45. Qg8+ Kh6 46. Qh8+ Qxh8 47.
Rxh8+ Kg7) 41... axb6 {[%eval 129,0]} 42. axb6 $2 {[%eval 1,0] Mistake. a6 was
best.} (42. a6 Ra7 43. Rd1 Rf7 44. Rf1 Ra7 45. g3 b5 46. Qf8+ Qg7 47. Qd6 b4
48. Rb1 Qc7) 42... Rf7 {[%eval 13,0]} 43. Rf1 {[%eval 0,0]} Qxb6 {[%eval 0,0]}
44. Qh8+ {[%eval 7,0]} Rh7 {[%eval 0,0]} 45. Qf8+ {[%eval 0,0]} Rg7 {[%eval 17,
0]} 46. Qh8+ {[%eval 22,0]} Rh7 {[%eval 4,0]} 47. Qf8+ {[%eval 2,0]} Rg7 {
[%eval 0,0]} 48. Qh8+ {[%eval 0,0]} 1/2-1/2